Statistics for Brentford FC Top Scorers In 21st Century

Click here to take the quiz!

General Stats

  • This quiz has been taken 6 times
  • The average score is 6 of 10

Answer Stats

GoalsAnswer% Correct
44Bryan Mbuemo
100%
68Ivan Toney
100%
49Ollie Watkins
100%
53Clayton Donaldson
67%
44Kevin O Connor
67%
26Alan Judge
33%
45Charlie Macdonald
33%
30Sam Saunders
33%
36Sergi Canos
33%
29Stephen Hunt
33%

Score Distribution

Percentile by Number Answered

Percent of People with Each Score

Your Score History

You have not taken this quiz